000 00430nam a2200169Ia 4500
008 230524s9999 xx 000 0 und d
082 _a621.381
_bSPE
100 _aRichard R.Spencer
245 0 _aIntroduction to Electronic Circuit Design
250 _a1ST
260 _aNEW DELHI
_bPearson
_c2003
300 _a1132
500 _aQuantity Number: 2
650 _aElectronics
700 _a Mohammed S. Ghausi
942 _cBK
999 _c14737
_d14737